Japanese images of nature : (Record no. 14433)
[ view plain ]
| 000 -LEADER | |
|---|---|
| fixed length control field | 00410cam a2200157Ii 4500 |
| 020 ## - INTERNATIONAL STANDARD BOOK NUMBER | |
| ISBN | 0700704442 |
| 020 ## - INTERNATIONAL STANDARD BOOK NUMBER | |
| ISBN | 0700704450 |
| 040 ## - CATALOGING SOURCE | |
| Transcribing agency | PUL |
| 082 ## - DEWEY DECIMAL CLASSIFICATION NUMBER | |
| Classification number | 508 NOR 1997 A058 Or. |
| 245 00 - TITLE STATEMENT | |
| Title | Japanese images of nature : |
| Remainder of title | cultural perspectives / |
| 300 ## - PHYSICAL DESCRIPTION | |
| Number of Pages | 290 pages : |
| Other physical details | illustrations ; |
| Dimensions | 22 cm |
| 650 #0 - SUBJECT ADDED ENTRY--TOPICAL TERM | |
| Topical Term | Philosophy of nature |
| 700 1# - ADDED ENTRY--PERSONAL NAME | |
| Personal name | Asquith, Pamela J., |
| 700 1# - ADDED ENTRY--PERSONAL NAME | |
| Personal name | Kalland, Arne |
| 942 ## - ADDED ENTRY ELEMENTS (KOHA) | |
| Koha item type | សៀវភៅភាសាអង់គ្លេស |
| 952 ## - LOCATION AND ITEM INFORMATION (KOHA) | |
| Withdrawn status [LOCAL, KOHA] | 0 |
| Permanent Location | Date acquired | Koha item type | Lost status | Shelving location | Barcode | Current Location | Full call number |
|---|---|---|---|---|---|---|---|
| Library Block A | 2017-10-16 | សៀវភៅភាសាអង់គ្លេស | A058 | A15423 | Library Block A | 508 NOR 1997 A058 Or. |